000 00543cam a22001934a 4500
005 20250605164255.0
008 250528s ||||||||||||||||||||||||d
035 _a21916
040 _aGR-AtMCL
_bgre
_dGR-AtMCL
_eAACR2
245 1 _aΤΟ ΕΜΠΟΡΙΚΟ ΣΗΜΑ
250 _a1
260 _bΔημοκρατια Πολιτων,
_c1998
300 _a192
700 1 _aΣακελλαριδης Ιωαννης Α
_97799
700 1 _aΣακελλαριδου Αννα Ι
_97800
942 _cBK
999 _c6973
_d6973